000 00631nam a2200265Ia 4500
005 20260306163454.0
008 008 260114s9999 xx 000 0 eng d
020 _a9780231850612
037 _aEBOOK
040 _aCRL
040 _beng
040 _cCRL
041 _2eng
041 _aeng
084 _qCRL
100 _aBenezet
_91128699
245 4 _aThe Cinema Of Agnã¨S Varda
260 _bColumbia Scholarship Online
260 _c2015
650 _aJournalism & Mass Communication
856 _uhttps://academic.oup.com/book/16987
942 _cEBOOK
999 _c1710234
_d1710234